Normal view MARC view
  • Sistema Nacional para el Desarrollo Integral de la Familia (México).

Entry Nombre Corporativo

Number of records used in: 1

001 - NÚMERO DE CONTROL

  • campo de control: 44259

003 - IDENTIFICADOR DE NUMERO DE CONTROL

  • campo de control: UPN

005 - FECHA Y HORA DE LA ÜLTIMA TRANSACCIÓN

  • campo de control: 20220412144442.0

008 - DATOS DE LONGITUD FIJA

  • campo de control de longitud fija: 220412|| acn||aabn | a|a d

040 ## - FUENTE DE CATALOGACIÓN

  • Agencia original de catalogación: MX-MxUPN

110 2# - ENCABEZAMIENTO - NOMBRE CORPORATIVO

  • Nombre corporativo o de jurisdicción como elemento de entrada : Sistema Nacional para el Desarrollo Integral de la Familia (México).
  • Unidad subordinada: Dirección General de Rehabilitación

670 ## - FUENTE EN LA QUE SE LOCALIZARON DATOS

  • Cita de la fuente : Manual de rehabilitación para el trabajo, 2012:
  • Información localizada: port. (Sistema Nacional para el Desarrollo Integral de la Familia, Dirección General de Capacitación)